000 00412nam a2200169Ia 4500
001 15114
003 IN-NITTTR
005 20251114233142.0
008 251113s9999||||xx |||||||||||||| ||eng||
040 _beng
040 _cIN-NITTTR
041 _aeng
082 _a658.4038 O7S
100 _aOptner, Stanford L.
245 0 _aSystem analysis for business management /
_cOptner, Stanford L.
942 _2ddc
_cBK
999 _c17748
_d17748